Agricultura urbana: espacios de cultivo para una ciudad sostenible

Gardado en:
Detalles Bibliográficos
Main Authors: Arosemena, Graciela (Author), Vallès, Josep Maria (Author)
Formato: Libro
Idioma:Lingua castelá
inglés
Publicado: Barcelona Gustavo Gili SL 2012
Edición:1a. ed
Subjects:
Tags: Engadir etiqueta
Sen Etiquetas, Sexa o primeiro en etiquetar este rexistro!

MARC

LEADER 00000cam a2200000 a 4500
001 UCD6733
003 CL-VaPUC
008 170113e20120000sp |||||||||||||||||spa|d
020 |a 9788425224232 
041 0 7 |a spa  |2 CL-VaPUC 
041 0 7 |a eng  |2 CL-VaPUC 
082 0 4 |a 636.01  |b ARO  |2 21 
100 0 |a Arosemena, Graciela  |e author  |9 590536 
700 0 |a Vallès, Josep Maria  |e author  |9 590537 
245 1 0 |a Agricultura urbana: espacios de cultivo para una ciudad sostenible 
246 1 0 |a Urban agriculture: spaces of cultivation for a sustainable city 
250 |a 1a. ed 
300 |a 127 p 
942 |c BK 
945 |d 20170113 07:29:00  |a dcastane 
260 |a Barcelona  |b Gustavo Gili SL  |c 2012 
650 0 |a Agricultura sustentable   |9 468550 
650 7 |a ECONOMIA AGRICOLA  |2 CL-VaPUC  |9 357663 
650 7 |a ESTRUCTURA AGRICOLA  |2 CL-VaPUC  |9 397800 
583 |a last modification  |c 20180514 10:46:15  |k Rodrigo Vera 
999 |c 366922  |d 366920 
952 |0 0  |1 0  |3 erb  |4 0  |6 636_010000000000000_ARO_2012  |7 0  |8 R  |9 481571  |a BIBARQ  |b BIBARQ  |i 5360056  |l 1  |o 636.01 ARO 2012  |p 5360056  |r 2025-01-20  |s 2022-10-06  |w 2019-11-24  |y BK_R  |z Catalogado en:20170113  |k ARQ